Die nächsten Länder von Andorra - Statistiken

Allgemein
  • Dieses Quiz wurde 114 mal gespielt
    111 seit der letzten Aktualisierung
  • Das Durchschnittsergebnis liegt bei 17 aus 20
Antwortstatistiken
km Land % Korrekt
0 Frankreich
100%
0 Spanien
100%
460 Italien
99%
515 Schweiz
99%
818 Belgien
97%
720 Deutschland
97%
793 Österreich
97%
785 Liechtenstein
94%
829 Luxemburg
94%
955 Niederlande
93%
866 Marokko
92%
637 Portugal
92%
636 Algerien
91%
474 Monaco
90%
857 Tunesien
90%
882 Vatikanstadt
81%
999 Slowenien
69%
905 Vereinigtes Königreich
66%
991 Kroatien
59%
911 Gibraltar
31%
Keine übereinstimmenden Quizze gefunden
Verteilung der Resultate
Anzahl Personen mit jedem Resultat
Perzentil nach korrekt beantworteten Fragen
Ihre Resultats-Entwicklung
Sie haben dieses Quiz seit der letzten Aktualisierung nicht gespielt